Filosofía, teoría y tecnología : (Registro nro. 25257)
[ vista simple ]
| 000 -CABECERA | |
|---|---|
| campo de control de longitud fija | 00520nam a2200145 a 4500 |
| 001 - NÚMERO DE CONTROL | |
| campo de control | 000025765 |
| 005 - FECHA Y HORA DE LA ÚLTIMA TRANSACCIÓN | |
| campo de control | 20260521073716.0 |
| 008 - DATOS DE LONGITUD FIJA--INFORMACIÓN GENERAL | |
| campo de control de longitud fija | 110222s1985 dr 000 0 spa d |
| 040 ## - FUENTE DE LA CATALOGACIÓN | |
| Centro catalogador/agencia de origen | DO-SdBNP |
| Lengua de catalogación | spa |
| Centro/agencia transcriptor | BNPHU |
| 049 ## - FONDOS LOCALES (OCLC) | |
| Fondos de biblioteca | BNPD |
| 100 1# - ENTRADA PRINCIPAL--NOMBRE DE PERSONA | |
| Nombre de persona | Sang, Mu-Kien A. |
| Fechas asociadas al nombre | 1955- |
| Forma completa/desarrollada del nombre | (Mu-Kien Adriana) |
| 9 (RLIN) | 331 |
| 245 10 - MENCIÓN DE TÍTULO | |
| Título | Filosofía, teoría y tecnología : |
| Resto del título | panorámica de las ciencias de la administración / |
| Mención de responsabilidad, etc. | Miguel Sang Ben. |
| 260 ## - PUBLICACIÓN, DISTRIBUCIÓN, ETC. | |
| Lugar de publicación, distribución, etc. | Santo Domingo : |
| Nombre del editor, distribuidor, etc. | Editorial Algumentos, |
| Fecha de publicación, distribución, etc. | 1985. |
| Fabricante | Impresora Siglo XXI |
| 300 ## - DESCRIPCIÓN FÍSICA | |
| Extensión | 21 p. ; |
| Dimensiones | 21 cm. |
| Estado de retiro | Estado de pérdida | No para préstamo | Código de colección | Localización permanente | Ubicación/localización actual | Ubicación en estantería | Fecha de adquisición | Número de inventario | Total de préstamos | Signatura topográfica completa | Código de barras | Fecha visto por última vez | Precio válido a partir de | Tipo de ítem Koha |
|---|---|---|---|---|---|---|---|---|---|---|---|---|---|---|
| Excluido de préstamo | Patrimonio Dominicano | Patrimonio Dominicano | Patrimonio Dominicano | En catalogación | 22.02.2011 | LF1 | 25765-10 | 25.06.2020 | 25.06.2020 | Libro y Folleto Colección Patrimonio Dominicano | ||||
| Excluido de préstamo | Patrimonio Dominicano | Patrimonio Dominicano | Patrimonio Dominicano | En catalogación | 22.02.2011 | LF1 | 25766-10 | 25.06.2020 | 25.06.2020 | Libro y Folleto Colección Patrimonio Dominicano |
